800 Chinee Alfaz (Rozmara zaroorat ki chinee lughat) (Record no. 478694)

000 -LEADER
fixed length control field 00539nam a22001817a 4500
003 - CONTROL NUMBER IDENTIFIER
control field NUST
005 - DATE AND TIME OF LATEST TRANSACTION
control field 20180709060709.0
008 - FIXED-LENGTH DATA ELEMENTS--GENERAL INFORMATION
fixed length control field 180709b ||||| |||| 00| 0 eng d
020 ## - INTERNATIONAL STANDARD BOOK NUMBER
International Standard Book Number 9787513502207
038 ## - RECORD CONTENT LICENSOR
Staff Name 0
040 ## - CATALOGING SOURCE
Original cataloging agency 0
082 ## - DEWEY DECIMAL CLASSIFICATION NUMBER
Classification number 951
100 ## - MAIN ENTRY--PERSONAL NAME
Relator code Foreign Language Teaching and research press
245 ## - TITLE STATEMENT
Title 800 Chinee Alfaz (Rozmara zaroorat ki chinee lughat)
Statement of responsibility, etc. Foreign Language Teaching and research press
260 ## - PUBLICATION, DISTRIBUTION, ETC.
Place of publication, distribution, etc. Beijing
Name of publisher, distributor, etc. Foreign Language Teaching and research press
Date of publication, distribution, etc. 2010
300 ## - PHYSICAL DESCRIPTION
Extent 645p
942 ## - ADDED ENTRY ELEMENTS (KOHA)
Source of classification or shelving scheme
Koha item type Book
Holdings
Withdrawn status Lost status Source of classification or shelving scheme Damaged status Not for loan Collection code Permanent Location Current Location Shelving location Date acquired Total Checkouts Total Renewals Full call number Barcode Date last seen Date last checked out Price effective from Koha item type
            Central Library (CL) Central Library (CL) Chinese Studies 07/09/2018 1 2 951 EIG S3H-D-16 11/30/2021 08/26/2019 07/09/2018 Book
            Central Library (CL) Central Library (CL) Chinese Studies 07/09/2018     951 EIG S3H-D-17 07/09/2018   07/09/2018 Book
            Central Library (CL) Central Library (CL) Chinese Studies 07/09/2018     951 EIG S3H-D-18 12/18/2024   07/09/2018 Book
© 2023 Central Library, National University of Sciences and Technology. All Rights Reserved.